000 00744nam a2200289Ia 4500
001 18585
003 IT-RoPAU
008 130308s9999 xx 000 0 und d
040 _aIT-RoPAU
040 _cIT-RoPAU
041 _aFRANCESE
100 _aAkyama Takashito
100 _gCodice Aut. SPICS: 12971
245 _aAntennes du Levant (Les)
245 _bTele' Une Affaire de Famille... (La)
250 _a1a ed.
260 _aPARIS
260 _bSeuil
260 _c1982 [1° Ed.:1982 - Ed.Ling.Originale:1982]
300 _a"2 p. (prefazione: no ; testo: 2 [pagine: 213-214])"
650 _aSAGGI SULLA TELEVISIONE
650 _eCodice materia Spics: 6961
942 _cBK
957 _71
999 _c57545
_d57545
999 _bSI
999 _g1